Don Donor

Bibliographic Details
Main Author: Luk, Lukáš (Author)
Format: Article
Language:Slovak
Subjects:

MARC

LEADER 00000nab a2200000 a 4500
001 vtls000520617
003 SK-MaSNL
005 20260304094835.0
008 250425c1994 xo 0 slo
015 |a SNBRB19rr/mm-uuuuu 
035 |a CL0520755 
035 |a urn:nbn:sk:snk-abboig 
035 |a (urnnbn)urn:nbn:sk:snk:ar-002m5j 
035 |a (uuid)805734cf-c4a6-4a30-891d-80b0d289062a 
040 |a SNKBUCL  |b slo  |c SNKBUCL  |e AACR2 
041 0 |a slo 
044 |a xo  |c SK 
080 |a 885.4-3  |2 1981 
100 1 |a Luk, Lukáš  |4 aut  |9 10854 
245 1 0 |a Don Donor  |c Lukáš Luk 
500 |a V rubrike Katapult 
650 0 7 |a poviedky psychologické  |2 snkbucl  |9 893883 
655 7 |a články z novín a časopisov  |2 snkbucl  |9 267496 
773 0 |t Dotyky  |g Roč. 6, č. 5 (1994), s. 27-28 
850 |a Slovenská národná knižnica 
852 |a Slovenská národná knižnica 
958 |a article15 
958 |a OND 
958 |a RK 
958 |a LX 
958 |a EUIPO 
992 |a RBX 
999 |c 2829238  |d 2831168